MARC

Tag First Indicator Second Indicator Subfields
LEADER 00000cam a2200000 a 4500
001 in00002139010
006 m e d #
007 cr mn mmmmabba
008 820122s1800 nyu s 000 0 eng d
005 20260331161602.3
035 |z w035431 
035 |a MAAR8201222907B 
035 |9 mwa91-30774 
035 |a 337541 
035 |a aas03035431 
040 |a MWA  |c MWA  |e bdrb  |d UtOrBLW 
100 1 |a Gold, Thomas Ruggles,  |d 1764-1827. 
245 1 0 |a To the people of the county of Oneida. 
264 3 |a [Utica, N.Y.] :  |b [Printed by William M'Lean],  |c [1800] 
300 |a 28 pages ;  |c 18 cm. (quarto) 
336 |a text  |b txt  |2 rdacontent 
337 |a computer  |b c  |2 rdamedia 
338 |a online resource  |b cr  |2 rdacarrier 
500 |a On the controversy over the location of the county court house. 
500 |a Caption title. 
500 |a Signed and dated on page 26: Thomas R. Gold. Whitestown, December 13, 1800. 
500 |a William McLean, who is mentioned as holding "proofs on the subjects of the foregoing address" at his printing office, printed in Utica from 1798 until 1803. 
500 |a Sworn statements by Jedediah Sanger and seven others on pages 26-28. 
510 4 |a Evans  |c 37528 
530 |a Microform version available in the Readex Early American Imprints series. 
533 |a Electronic text and image data.  |b [Chester, Vt. :  |c Readex, a division of Newsbank, Inc.,  |d 2002-2004.  |e Includes files in TIFF, GIF and PDF formats with inclusion of keyword searchable text.  |f (Early American imprints. First series ; no. 37528). 
500 |a Electronic resource. 
600 1 0 |a Gold, Thomas Ruggles,  |d 1764-1827. 
600 1 0 |a Platt, Jonas,  |d 1769-1834.  |t To the people of Oneida County. 
651 0 |a Herkimer County (N.Y.)  |x Politics and government. 
651 0 |a Oneida County (N.Y.)  |x Politics and government. 
651 0 |a Rome (N.Y.)  |x Politics and government. 
700 1 |a Sanger, Jedediah,  |d 1752-1829. 
752 |a United States  |b New York  |d Utica. 
752 |a United States  |b New York  |d Whitestown. 
830 0 |a Early American imprints.  |n Series I,  |p Evans (1639-1800) ;  |v no. 37528. 
856 4 1 |u http://proxy.library.tamu.edu/login?url=https://opac.newsbank.com/select/evans/37528  |y Evans Digital Edition  |t 0 
999 |a MARS 
999 f f |s 46a5f1e3-f5d9-3de7-b2f7-43234d896ab7  |i e11f43c5-daad-363c-9ee6-0cc981a6a02c  |t 0 
952 f f |a Texas A&M University  |b College Station  |c Electronic Resources  |s www_evans  |d Available Online  |t 0  |h No information provided 
998 f f |t 0  |l Available Online